000 00598nab a2200181 4500
001 244442
003 OSt
005 20230731125109.0
007 tu
008 200917s2020|||||||
040 _aDE-2950
_cDE-2950
245 0 0 _aLeih-Roller ergänzen E-Bike-Angebot.
_cred
_bMobilität. Go Mobility bietet in Frankfurt jetzt auch elektrische Mopeds und Roller an. Die Ausleihe funktioniert über eine App/
264 _c2023
653 _aFrankfurt (Oder)
653 _aE-Bike Angebot
773 0 _g34. Jahrgang (2023) Nr. 172 vom 26.07.2023, S. 15, mit Foto
_tMärkische Oderzeitung
942 _2z
_cA
999 _c372657
_d372657